000 00704nam a2200205Ii 4500
003 JO-AjNU
008 230605s9999||||xx |||||||||||||| ||und||
017 _a2001/7/1419
040 _aJO-AjNU
_bara
_erda
_cJO-AjNU
041 _aara
050 1 4 _aPJ8062.R59 2001
100 3 _aتحرير الماضي، شكري؛ هند أبو الشعر,
_eauthor
_947502
245 0 0 _aالرواية في الأردن
264 3 1 _aالمفرق: جامعة آل البيت، 2001
300 _a454ص
336 _atext
_btxt
_2rdacontent
337 _aunmediated
_bn
_2rdamedia
338 _avolume
_bnc
_2rdacarrier
650 4 _aالأدب العربي - روايات - تاريخ ونقد - الأردن
_947503
999 _aA20741
_c24309
_d24309